000 00759nam a2200193 a 4500
001 000021697
005 20200930011421.0
008 100910s1994 dr d 000 0 spa d
040 _aDO-SdBNP
_bspa
_cBNPHU
082 _axxx
_bV297o
100 1 _aVargas, Tahira
_91966
245 1 4 _aLas organizaciones de base en Santo Domingo /
_cTahira Vargas.
260 _aSanto Domingo :
_bPublicaciones del Centro de Estudios Sociales, Padre Juan Montalvo,
_c1994.
300 _a175 p. :
_bdiagr. ;
_c21 cm.
490 1 _aPublicaciones del Centro de Estudios Sociales, Padre Juan Montalvo
_v6
500 _aIncluye notas al pie de páginas e indice de cuadros.
830 0 _aPublicaciones del Centro de Estudios Sociales, Padre Juan Montalvo
_n6
_945130
049 _aBNPD
999 _c21196
_d21196